| 000 | 01029nam a22002297a 4500 | ||
|---|---|---|---|
| 001 | 49199 | ||
| 003 | BD-RjUL | ||
| 005 | 20211209054641.0 | ||
| 008 | 160818s1954 ii ||||| |||| 00| 0 ben d | ||
| 020 | _c : IRs. 3.00 | ||
| 035 | _a(BD-RjUL)49318 | ||
| 040 |
_aBD-RjUL _bben _cBD-RjUL |
||
| 041 | _aben | ||
| 082 |
_223 _a891.4431 _bBAN 1954 |
||
| 245 | 0 | 0 |
_aবাংলা উচ্চারণ-কোষ : _b(ডকটর শ্রীসুকুমার সেন লিখিত 'পরিচায়িকা' সংবলিত) / _cধীরানন্দ ঠাকুর সংকলিত |
| 260 |
_aকলিকাতা : _bবুকল্যাণ্ড লিমিটেড, _c১৯৫৪ [১৩৬১ বাং] |
||
| 300 |
_a[২৮], ১৬০ পৃ. ; _c১৯ সেমি. |
||
| 650 |
_aবাংলা ভাষা _9147884 _vঅভিধান |
||
| 650 |
_aBengali Language _vDictionaries _9218519 |
||
| 700 |
_aঠাকুর, ধীরানন্দ, সংকলক _9136137 |
||
| 942 |
_2ddc _cREF |
||
| 999 |
_c49199 _d49199 |
||